000 01257nam a2200385 i 4500
001 8886
003 KOSZ 005
005 20210913143226.0
008 080930s1959 pl a f 001 0 pol
015 _aPB 1959/6255
040 _aWA N
_cWA N
_dKOSZ 005/HR
046 _k1959
080 _a535.6
080 _a7.01
080 _a159.93
100 1 _aZausznica, Adam
_eAutor
245 1 0 _aNauka o barwie /
_cAdam Zausznica ; [plansze kolor. Henryk Białoskórski].
260 _aWarszawa :
_bPaństwowe Wydawnictwo Naukowe,
_c1959.
300 _a619, [1] s., [14] k. tabl. :
_bil. ;
_c25 cm.
336 _2rdacontent
_aTekst
_btxt
337 _2rdamedia
_aBez urządzenia pośredniczącego
_bn
338 _2rdacarrier
_aWolumin
_bnc
380 _aKsiążki
380 _aPublikacje dydaktyczne
388 _a1901-2000
504 _aBibliogr. s. [589]-606. Indeks.
658 _aFizyka i astronomia
658 _aPsychologia
658 _aKultura i sztuka
650 4 _aBarwy
710 2 _aPaństwowe Wydawnictwo Naukowe
_4pbl.
700 1 _aBiałoskórski, Henryk
_d(1922- )
_eIlustracje
856 _uhttp://koha.tu.koszalin.pl/cgi-bin/koha/opac-detail.pl?biblionumber=8886
_yKatalog online BPK
942 _2UKD
_cKS
999 _c8886
_d8886